| 000 | 00540nam a2200205Ia 4500 | ||
|---|---|---|---|
| 005 | 20250127061010.0 | ||
| 008 | 240331s9999 xx 000 0 und d | ||
| 020 | _a0415115108 | ||
| 082 |
_bPRI _23925 _a304.6 |
||
| 100 | _aPrincen, T | ||
| 100 | _aFinger, M | ||
| 245 | 0 |
_aEnviornmental NGOs in World Politics: _bLinking the Local and the Global |
|
| 260 |
_aLondon _aNew York _bRoutledge _c1994 |
||
| 300 | _axiv, 262 p., | ||
| 650 | _aEnvironment | ||
| 650 | _aPolitics | ||
| 650 | _aAdvocacy | ||
| 650 | _aConservation | ||
| 942 | _cL | ||
| 999 |
_c1457 _d1457 |
||